Ultimate Molossia Micronation Quiz - Statistics

General Stats
  • This quiz has been taken 5 times
  • The average score is 4 of 37
Answer Stats
Hint Answer % Correct
American state that Molossia lies within Nevada, United States
100%
Current President of Molossia Kevin Baugh
75%
A former country Molossia claims to be at war with East Germany
50%
Country whose flag is upside down Sierra Leone
50%
Current Capital of Molossia Baughston
25%
The film that Molossia was featured in Kickassia
25%
The date that Molossia was founded on May 26th, 1977
25%
State county that Molossia lies within Storey County
25%
The exchange rate to 1 U.S. Dollar .80
0%
The group who sponsored Molossia Atlas Obscura
0%
National Sport of Molossia Broomball
0%
National Tree of Molossia Common Juniper
0%
National Flower of Molossia Common Sagebrush
0%
National Anthem of Molossia Fair Molossia Is Our Home
0%
The Dependencies of Molossia Farfalla and Desert Homestead Province
0%
The President pays taxes but calls it Foreign Aid
0%
Name one major national holiday in Molossia Founder's Day
0%
The Customs Mannequin is named Fred The Customs Guy
0%
The Banker Mannequin is named Herman the Banker
0%
The friend of the President that help founded Molossia James Speilman
0%
Norton Park is named after Joshua Norton
0%
Measurement System of Molossia Kokintz Measurement System
0%
Molossia is an adaption of what word Maluhia
0%
Explorers who discovered Molossia Medieval Chinese Mariners
0%
National Instrument of Molossia Molossaphone
0%
The place political prisoners go to Molossia Salt Mine
0%
National Animal of Molossia Mustang
0%
One thing banned from Molossia Onions, firearms, tobacco products, plastic shopping bags, walruses, missionaries, salesmen, lightbulbs and drugs
0%
The food that the currency is linked to Pillsbury Chocolate Chip Cookie Dough
0%
The Postal Mannequin is named Ralph The Postal Guy
0%
The main ingredient of the Molossolini Sprite
0%
The film that inspired the idea of Molossia The Mouse That Roared
0%
The Trader Mannequin is named Trader Tom
0%
National Bird of Molossia Valley Quail
0%
The Currency of Molossia Valora
0%
The original name of Molossia Vuldstein
0%
War that took place between 22 May and 8 June War with Mustachistan
0%
No matching quizzes found
Score Distribution
Percent of People with Each Score
Percentile by Number Answered
Your Score History
You have not taken this quiz